| 000 | 00603nam a2200229 a 4500 | ||
|---|---|---|---|
| 001 | nice12345678 | ||
| 003 | IN_TiNIC | ||
| 005 | 20260116014048.0 | ||
| 008 | 100329s1986 chia grp 000 0 eng | ||
| 020 |
_a9780802429162 _c1200 |
||
| 082 | 0 | 0 |
_a220.6 _bGEI |
| 100 | _aGeisler, L Norman | ||
| 245 |
_aAn General Introduction to the Bible _b Revised and Expanded |
||
| 260 |
_aChicago _bMoody Press _c1986 |
||
| 300 | _a724p | ||
| 500 | _aincludes index and biblioraphy | ||
| 505 | 2 | _aBibliography, Index | |
| 650 | _aBible-Introduction | ||
| 902 | _bSRC | ||
| 942 | _cBK | ||
| 999 |
_c13704 _d13704 |
||